000 01038nam a2200253 i 4500
001 21439
003 ES-MaACL
005 20250826062529.0
007 t|
008 021125s1894 sp |||| | spa d
080 _a913(5-13)
100 1 _aAlcalá Galiano, José,
_d1839-1919
_9125587
245 1 0 _aPanoramas orientales
_b: impresiones de un viajero-poeta : conferencia dada en el Ateneo Científico, Literario y Artístico de Madrid la noche del 7 de mayo de 1894 /
_cpor José Alcalá Galiano.
260 _aMadrid :
_b[s.n.],
_c1894 (
_fTip. de los Hijos de M. G. Hernández)
300 _a47 p. ;
_c24 cm.
530 _aDisponible en formato digital.
610 2 4 _aAteneo de Madrid-
_vConferencias-
_yS.XIX
_91910
651 4 _aAsia-
_xDescripción-
_yS.XIX
_9241787
655 0 _aConferencias
_9234444
852 _aES-MaACL
_jT-847-F-8
_zDedicatoria autógrafa del autor
856 _uhttp://bdh-rd.bne.es/viewer.vm?id=0000081284&page=1
_zBiblioteca Digital Hispánica
942 _2udc
999 _c21439
_d21439